[Event "37th Reykjavik op"]
[Site "Reykjavik ISL"]
[Date "2024.03.16"]
[Round "3.22"]
[White "Hu, Zhening"]
[Black "Manucharyan, Andriy"]
[WhiteElo "1776"]
[BlackElo "2080"]
[Result "0-1"]
[EventDate "2024.03.15"]
[PlyCount "125"]

1. d4 { [%eval 0.15] [%clk 1:27:45] } 1... Nf6 { [%eval 0.16] [%clk 1:30:44] } 2. c4 { [%eval 0.16] [%clk 1:25:46] } 2... e6 { [%eval 0.21] [%clk 1:31:09] } 3. Nc3 { [%eval 0.08] [%clk 1:26:07] } 3... Bb4 { [%eval 0.12] [%clk 1:31:25] } 4. Bd2 { [%eval 0.0] [%clk 1:26:19] } 4... b6 { [%eval 0.21] [%clk 1:31:34] } 5. Nf3 { [%eval 0.0] [%clk 1:22:46] } 5... O-O { [%eval 0.09] [%clk 1:30:31] } 6. e3 { [%eval 0.06] [%clk 1:22:11] } 6... Bb7 { [%eval 0.11] [%clk 1:30:47] } 7. Bd3 { [%eval 0.09] [%clk 1:22:16] } 7... Bxc3 { [%eval 0.6] [%clk 1:24:00] } 8. Bxc3 { [%eval 0.44] [%clk 1:22:36] } 8... Ne4 { [%eval 0.52] [%clk 1:24:14] } 9. Bb4 { [%eval 0.37] [%clk 1:06:43] } 9... d6 { [%eval 0.21] [%clk 1:24:05] } 10. O-O { [%eval 0.3] [%clk 1:06:34] } 10... f5 { [%eval 0.37] [%clk 1:23:57] } 11. Qe2 { [%eval -0.07] [%clk 1:03:22] } 11... Rf6 { [%eval 0.29] [%clk 1:21:57] } 12. Nd2?! { [%eval -0.32] } { Inaccuracy. Be1 was best. } { [%clk 0:50:33] } (12. Be1 Rg6 13. d5 exd5 14. Nd4 dxc4 15. Bxc4+ d5 16. Bd3 Qd7 17. Nxf5 Nc5 18. Rd1 Nc6) 12... Rh6 { [%eval -0.61] [%clk 1:19:45] } 13. g3?? { [%eval -3.22] } { Blunder. f4 was best. } { [%clk 0:42:52] } (13. f4 Nxd2) 13... Nd7?? { [%eval -0.2] } { Blunder. Qh4 was best. } { [%clk 1:10:18] } (13... Qh4 14. f3 Nxg3 15. hxg3 Qxg3+ 16. Qg2 Qh4 17. Rf2 Rg6 18. Qxg6 hxg6 19. Rh2 Qe7 20. Kf2) 14. f3 { [%eval -0.27] [%clk 0:35:44] } 14... Ng5 { [%eval 0.0] [%clk 1:05:45] } 15. Bc3 { [%eval -0.53] [%clk 0:27:25] } 15... Nh3+ { [%eval -0.75] [%clk 0:59:59] } 16. Kh1 { [%eval -0.77] [%clk 0:20:13] } 16... Qg5 { [%eval -0.68] [%clk 0:56:52] } 17. e4 { [%eval -1.16] [%clk 0:14:07] } 17... f4 { [%eval -1.12] [%clk 0:56:25] } 18. g4 { [%eval -1.4] [%clk 0:12:48] } 18... e5 { [%eval -1.17] [%clk 0:54:40] } 19. d5? { [%eval -2.49] } { Mistake. c5 was best. } { [%clk 0:11:31] } (19. c5 exd4) 19... Qg6? { [%eval -1.26] } { Mistake. Rh4 was best. } { [%clk 0:51:07] } (19... Rh4 20. a4 h5 21. a5 Nf6 22. axb6 cxb6 23. Bb4 Bc8 24. Bxd6 hxg4 25. fxg4 Bxg4 26. Qg2) 20. b4 { [%eval -1.51] [%clk 0:10:54] } 20... Ng5 { [%eval -1.37] [%clk 0:48:28] } 21. Rf2 { [%eval -1.29] [%clk 0:06:42] } 21... Rh3 { [%eval -1.4] [%clk 0:47:19] } 22. Rg2 { [%eval -1.38] [%clk 0:06:17] } 22... Rf8 { [%eval -1.52] [%clk 0:46:12] } 23. Qf2?! { [%eval -2.22] } { Inaccuracy. Rag1 was best. } { [%clk 0:03:26] } (23. Rag1 Bc8 24. Bb2 Nf6 25. c5 h5 26. gxh5 Rxh5 27. Nc4 Qh6 28. cxd6 cxd6 29. Rxg5 Rxg5) 23... Nf6 { [%eval -2.06] [%clk 0:46:03] } 24. Re1? { [%eval -3.83] } { Mistake. Rag1 was best. } { [%clk 0:01:57] } (24. Rag1 Bc8 25. a4 h5 26. gxh5 Rxh5 27. Bf1 Qh6 28. c5 Rf7 29. Qe1 Kh8 30. Qe2 Rf8) 24... Kf7? { [%eval -1.88] } { Mistake. h5 was best. } { [%clk 0:41:43] } (24... h5) 25. Reg1 { [%eval -2.02] [%clk 0:02:06] } 25... Rh8 { [%eval -2.19] [%clk 0:41:50] } 26. c5 { [%eval -2.32] [%clk 0:02:00] } 26... Bxd5 { [%eval -2.16] [%clk 0:41:25] } 27. Qe2 { [%eval -2.54] [%clk 0:01:47] } 27... Be6 { [%eval -2.61] [%clk 0:41:18] } 28. Bc4 { [%eval -2.13] [%clk 0:02:02] } 28... Nd7 { [%eval -2.12] [%clk 0:41:07] } 29. Rd1 { [%eval -2.47] [%clk 0:01:58] } 29... bxc5 { [%eval -2.8] [%clk 0:40:07] } 30. Rf2?! { [%eval -3.64] } { Inaccuracy. bxc5 was best. } { [%clk 0:01:41] } (30. bxc5 Nxc5) 30... h5 { [%eval -3.87] [%clk 0:39:54] } 31. Bxe6+?! { [%eval -4.93] } { Inaccuracy. gxh5 was best. } { [%clk 0:02:02] } (31. gxh5 Qxh5 32. Bxe6+ Nxe6 33. Rg1 cxb4 34. Bxb4 Kf6 35. Rgg2 g5 36. a4 Qe8 37. a5 Nb8) 31... Nxe6? { [%eval -2.59] } { Mistake. Qxe6 was best. } { [%clk 0:39:02] } (31... Qxe6 32. gxh5 Nf6 33. h6 Nh5 34. Kg2 Rxh6 35. Qc4 Nf6 36. Qxe6+ Kxe6 37. Rh1 Ng4 38. fxg4) 32. Rg1?! { [%eval -4.03] } { Inaccuracy. g5 was best. } { [%clk 0:02:09] } (32. g5 Qxg5) 32... hxg4 { [%eval -3.96] [%clk 0:37:00] } 33. Rxg4 { [%eval -4.02] [%clk 0:02:38] } 33... Qh5 { [%eval -3.65] [%clk 0:37:10] } 34. bxc5 { [%eval -3.93] [%clk 0:02:58] } 34... Ndxc5 { [%eval -3.91] [%clk 0:36:33] } 35. Nf1 { [%eval -4.35] [%clk 0:02:24] } 35... Rb8 { [%eval -3.85] [%clk 0:36:20] } 36. Nd2 { [%eval -3.82] [%clk 0:01:38] } 36... Kf8 { [%eval -3.64] [%clk 0:34:47] } 37. Rfg2 { [%eval -3.93] [%clk 0:01:31] } 37... g5 { [%eval -3.77] [%clk 0:34:35] } 38. Qc4 { [%eval -4.31] [%clk 0:01:39] } 38... Qf7?! { [%eval -3.41] } { Inaccuracy. Ke7 was best. } { [%clk 0:31:29] } (38... Ke7 39. a3 Rh8 40. Qe2 Qe8 41. Bb4 Nd7 42. Rf2 c5 43. Ba5 Nf6 44. Rgg2 Qc8 45. Nc4) 39. Qd5 { [%eval -4.0] [%clk 0:01:43] } 39... Qe7 { [%eval -3.38] [%clk 0:29:31] } 40. Rg1?! { [%eval -5.08] } { Inaccuracy. Qc4 was best. } { [%clk 0:01:54] } (40. Qc4 Qe8 41. Qd5 Rh5 42. Nc4 Nd7 43. Bb2 Nf6 44. Nxd6 cxd6 45. Qxd6+ Kf7 46. Qxe5) 40... Nd7?! { [%eval -4.0] } { Inaccuracy. Qh7 was best. } { [%clk 0:28:05] } (40... Qh7 41. R1g2 Ke7 42. Kg1 Rh8 43. Bb4 Rxh2 44. Kf2 Rxg2+ 45. Rxg2 Kf6 46. Bxc5 Nxc5 47. a3) 41. Qa5 { [%eval -4.98] [%clk 0:29:35] } 41... Nb6?! { [%eval -3.97] } { Inaccuracy. Qh7 was best. } { [%clk 0:51:09] } (41... Qh7 42. R1g2 Nf6 43. Qxa7 Rd8 44. Qf2 Nxg4 45. Rxg4 Ke7 46. a4 Rh8 47. Nf1 Qh5 48. Qg2) 42. R4g2 { [%eval -4.02] [%clk 0:26:07] } 42... Qh7 { [%eval -3.57] [%clk 0:48:43] } 43. Bb4 { [%eval -4.33] [%clk 0:19:35] } 43... c5 { [%eval -3.97] [%clk 0:46:04] } 44. Bc3 { [%eval -4.23] [%clk 0:18:48] } 44... g4 { [%eval -3.82] [%clk 0:45:25] } 45. fxg4 { [%eval -3.71] [%clk 0:18:34] } 45... Rb7 { [%eval -3.51] [%clk 0:43:32] } 46. Re2 { [%eval -3.79] [%clk 0:09:27] } 46... Rg7 { [%eval -3.88] [%clk 0:41:56] } 47. Nf1?! { [%eval -5.17] } { Inaccuracy. a4 was best. } { [%clk 0:07:19] } (47. a4 Qh4) 47... Ng5 { [%eval -4.31] [%clk 0:39:59] } 48. Bxe5 { [%eval -4.28] [%clk 0:06:43] } 48... dxe5 { [%eval -4.13] [%clk 0:39:51] } 49. Qxc5+ { [%eval -4.24] [%clk 0:07:06] } 49... Re7 { [%eval -4.19] [%clk 0:39:41] } 50. Qc6 { [%eval -4.67] [%clk 0:07:23] } 50... Rh6 { [%eval -4.47] [%clk 0:37:29] } 51. Qc3 { [%eval -4.54] [%clk 0:06:11] } 51... Nxe4 { [%eval -4.57] [%clk 0:36:30] } 52. Qb4 { [%eval -4.69] [%clk 0:05:28] } 52... Nd6 { [%eval -4.64] [%clk 0:35:35] } 53. g5 { [%eval -4.62] [%clk 0:05:18] } 53... Rhe6 { [%eval -4.71] [%clk 0:34:36] } 54. Nd2 { [%eval -5.1] [%clk 0:04:40] } 54... Qd3 { [%eval -5.04] [%clk 0:34:13] } 55. Rf2 { [%eval -5.06] [%clk 0:04:47] } 55... Qd5+ { [%eval -4.94] [%clk 0:34:13] } 56. Rgg2 { [%eval -5.05] [%clk 0:05:14] } 56... Nbc4 { [%eval -5.27] [%clk 0:33:20] } 57. Qb3 { [%eval -5.12] [%clk 0:04:20] } 57... Kg7 { [%eval -4.87] [%clk 0:30:59] } 58. Nxc4 { [%eval -5.33] [%clk 0:03:30] } 58... Qxc4 { [%eval -4.88] } 59. Qf3 { [%eval -5.37] [%clk 0:02:44] } 59... Nf5 { [%eval -5.43] [%clk 0:30:00] } 60. Rc2 { [%eval -5.35] [%clk 0:02:59] } 60... Qa6 { [%eval -5.53] [%clk 0:27:34] } 61. Qh5 { [%eval -6.08] [%clk 0:02:08] } 61... Ne3 { [%eval -5.87] [%clk 0:24:43] } 62. g6 { [%eval -6.95] [%clk 0:02:26] } 62... Rxg6 { [%eval -6.77] [%clk 0:24:50] } 63. Rc3 0-1

[Event "37th Reykjavik op"]
[Site "Reykjavik ISL"]
[Date "2024.03.16"]
[Round "3.23"]
[White "Osorio Ferrer, Roberto Eduardo"]
[Black "Beisteiner, Joachim"]
[WhiteElo "1776"]
[BlackElo "2079"]
[Result "0-1"]
[EventDate "2024.03.15"]
[PlyCount "138"]

1. e4 { [%eval 0.13] [%clk 1:30:55] } 1... e5 { [%eval 0.17] [%clk 1:30:42] } 2. Nf3 { [%eval 0.21] [%clk 1:30:56] } 2... Nc6 { [%eval 0.13] [%clk 1:30:58] } 3. Bb5 { [%eval 0.21] [%clk 1:26:48] } 3... a6 { [%eval 0.2] [%clk 1:31:15] } 4. Bxc6 { [%eval 0.0] [%clk 1:27:13] } 4... dxc6 { [%eval 0.0] [%clk 1:31:36] } 5. Nc3 { [%eval 0.0] [%clk 1:27:28] } 5... f6 { [%eval 0.0] [%clk 1:30:48] } 6. d4 { [%eval 0.0] [%clk 1:27:41] } 6... exd4 { [%eval 0.0] [%clk 1:30:33] } 7. Qxd4 { [%eval 0.0] [%clk 1:28:01] } 7... Qxd4 { [%eval 0.0] [%clk 1:30:20] } 8. Nxd4 { [%eval -0.04] [%clk 1:28:20] } 8... Bd7 { [%eval 0.0] [%clk 1:29:44] } 9. Be3 { [%eval -0.03] [%clk 1:28:37] } 9... O-O-O { [%eval -0.06] [%clk 1:29:18] } 10. O-O-O { [%eval -0.16] [%clk 1:27:21] } 10... Ne7 { [%eval -0.18] [%clk 1:20:06] } 11. Nb3 { [%eval -0.31] [%clk 1:24:43] } 11... b6 { [%eval -0.32] [%clk 1:19:48] } 12. Nd4 { [%eval -0.26] [%clk 1:15:51] } 12... Ng6 { [%eval -0.28] [%clk 1:14:44] } 13. Nf5 { [%eval -0.67] [%clk 1:08:21] } 13... Ne5 { [%eval -0.42] [%clk 1:13:55] } 14. f3 { [%eval -0.44] [%clk 1:05:43] } 14... h5 { [%eval -0.29] [%clk 1:12:42] } 15. h4 { [%eval -0.23] [%clk 1:05:18] } 15... g6 { [%eval -0.28] [%clk 1:10:14] } 16. Nd4 { [%eval -0.34] [%clk 1:01:58] } 16... Bd6 { [%eval -0.26] [%clk 1:05:53] } 17. b3 { [%eval -0.21] [%clk 1:00:18] } 17... Kb7 { [%eval -0.21] [%clk 0:54:43] } 18. Kb2 { [%eval -0.26] [%clk 0:59:54] } 18... Rhf8 { [%eval -0.34] [%clk 0:51:57] } 19. Rd2 { [%eval -0.54] [%clk 0:59:30] } 19... Bc8 { [%eval -0.17] [%clk 0:48:36] } 20. Rhd1 { [%eval -0.19] [%clk 0:58:45] } 20... Be7 { [%eval -0.2] [%clk 0:41:20] } 21. Nde2 { [%eval -0.19] [%clk 0:54:32] } 21... Rxd2 { [%eval -0.19] [%clk 0:40:02] } 22. Rxd2 { [%eval -0.57] [%clk 0:54:47] } 22... Be6 { [%eval -0.27] [%clk 0:39:25] } 23. Nd4 { [%eval -0.29] [%clk 0:49:02] } 23... Bf7 { [%eval -0.28] [%clk 0:38:37] } 24. Bf4 { [%eval -0.51] [%clk 0:47:45] } 24... Bd6 { [%eval -0.45] [%clk 0:37:19] } 25. Be3 { [%eval -0.5] [%clk 0:42:00] } 25... Rg8 { [%eval -0.51] [%clk 0:36:35] } 26. Na4 { [%eval -0.92] [%clk 0:34:11] } 26... Bb4 { [%eval -0.48] [%clk 0:35:55] } 27. Nc3 { [%eval -0.44] [%clk 0:33:51] } 27... Re8 { [%eval -0.29] [%clk 0:34:57] } 28. a3 { [%eval -0.42] [%clk 0:31:23] } 28... Be7 { [%eval -0.3] [%clk 0:34:22] } 29. Bf4 { [%eval -0.58] [%clk 0:31:16] } 29... Bd6 { [%eval -0.54] [%clk 0:32:35] } 30. Bh6 { [%eval -0.9] [%clk 0:26:34] } 30... a5 { [%eval -0.49] [%clk 0:31:08] } 31. a4 { [%eval -0.53] [%clk 0:22:22] } 31... Rg8 { [%eval -0.22] [%clk 0:30:21] } 32. Be3 { [%eval -0.2] [%clk 0:22:26] } 32... Bc5 { [%eval -0.13] [%clk 0:27:24] } 33. Rd1 { [%eval -0.17] [%clk 0:14:19] } 33... Bb4 { [%eval -0.13] [%clk 0:27:26] } 34. Nde2 { [%eval -0.3] [%clk 0:10:00] } 34... Kc8 { [%eval -0.11] [%clk 0:25:31] } 35. Na2 { [%eval -0.33] [%clk 0:06:57] } 35... Be7 { [%eval -0.33] [%clk 0:24:44] } 36. Bf4 { [%eval -0.52] [%clk 0:06:09] } 36... Bd6 { [%eval -0.29] [%clk 0:24:24] } 37. Be3 { [%eval -0.32] [%clk 0:05:53] } 37... Rd8 { [%eval -0.29] [%clk 0:22:15] } 38. Nac3 { [%eval -0.29] [%clk 0:05:25] } 38... Bb4 { [%eval 0.03] [%clk 0:20:17] } 39. Rxd8+ { [%eval 0.04] [%clk 0:05:20] } 39... Kxd8 { [%eval 0.07] [%clk 0:20:40] } 40. Nd4?! { [%eval -0.49] } { Inaccuracy. Bf4 was best. } { [%clk 0:05:08] } (40. Bf4 Bd6 41. Kb1 Nd7 42. Be3 Nf8 43. Nd1 Ne6 44. Nf2 Nc5 45. Nf4 Ke7 46. Ka1 Ne6) 40... Kd7 { [%eval -0.16] [%clk 0:20:00] } 41. Bf4 { [%eval -0.22] [%clk 0:03:05] } 41... Bd6 { [%eval 0.0] [%clk 0:19:45] } 42. Bh6 { [%eval -0.53] [%clk 0:02:41] } 42... Bc5 { [%eval 0.0] [%clk 0:19:00] } 43. Nde2 { [%eval 0.0] [%clk 0:01:58] } 43... Ke7 { [%eval 0.02] [%clk 0:16:47] } 44. Ka2?! { [%eval -0.76] } { Inaccuracy. Nd1 was best. } { [%clk 0:27:01] } (44. Nd1 b5 45. Ndc3 b4 46. Nd1 Bd6 47. Ne3 c5 48. c4 bxc3+ 49. Kxc3 c4 50. bxc4 c6) 44... Be8?! { [%eval -0.05] } { Inaccuracy. Bf2 was best. } { [%clk 0:43:53] } (44... Bf2 45. Bd2) 45. Bf4 { [%eval -0.41] [%clk 0:26:51] } 45... Bd6 { [%eval 0.03] [%clk 0:41:19] } 46. Bc1 { [%eval -0.02] [%clk 0:25:23] } 46... b5 { [%eval 0.04] [%clk 0:40:06] } 47. axb5 { [%eval -0.42] [%clk 0:21:22] } 47... cxb5 { [%eval -0.44] [%clk 0:40:28] } 48. Nd5+ { [%eval -0.41] [%clk 0:21:06] } 48... Kf7 { [%eval -0.54] [%clk 0:40:28] } 49. Bb2 { [%eval -0.76] [%clk 0:19:07] } 49... c6 { [%eval -0.75] [%clk 0:39:34] } 50. Nxf6?! { [%eval -1.86] } { Inaccuracy. Ndf4 was best. } { [%clk 0:18:37] } (50. Ndf4 Ke7 51. Bc3 a4 52. Kb1 Bf7 53. bxa4 bxa4 54. Nd3 Nc4 55. Bd4 a3 56. Ka1 a2) 50... Kxf6 { [%eval -1.66] [%clk 0:37:21] } 51. f4 { [%eval -1.59] [%clk 0:18:57] } 51... Ke6 { [%eval -1.6] [%clk 0:37:22] } 52. Nd4+?! { [%eval -2.39] } { Inaccuracy. fxe5 was best. } { [%clk 0:16:54] } (52. fxe5) 52... Kd7 { [%eval -2.37] [%clk 0:37:11] } 53. fxe5 { [%eval -2.3] [%clk 0:16:51] } 53... Bxe5 { [%eval -2.08] [%clk 0:37:24] } 54. Nf3 { [%eval -2.41] [%clk 0:16:46] } 54... Bc7?? { [%eval -0.62] } { Blunder. Bxb2 was best. } { [%clk 0:36:59] } (54... Bxb2 55. Kxb2 Kd6 56. c3 c5 57. b4 axb4 58. cxb4 cxb4 59. Ng5 Ke5 60. Kb3 Bc6 61. Kxb4) 55. Bd4 { [%eval -0.72] [%clk 0:15:00] } 55... Bd8 { [%eval -0.33] [%clk 0:36:21] } 56. Kb2 { [%eval -0.41] [%clk 0:12:32] } 56... Kd6 { [%eval -0.39] [%clk 0:35:20] } 57. Be5+ { [%eval -0.42] [%clk 0:11:42] } 57... Kd7 { [%eval -0.3] [%clk 0:34:00] } 58. Bd4 { [%eval -0.4] [%clk 0:11:55] } 58... Ke6 { [%eval -0.36] [%clk 0:33:35] } 59. Ng5+ { [%eval -0.34] [%clk 0:11:53] } 59... Kd6 { [%eval -0.38] [%clk 0:33:47] } 60. Nf3 { [%eval -0.51] [%clk 0:12:11] } 60... c5 { [%eval -0.52] [%clk 0:33:48] } 61. Be5+ { [%eval -0.58] [%clk 0:11:25] } 61... Ke6 { [%eval -0.5] [%clk 0:31:13] } 62. Bg7?? { [%eval -3.85] } { Blunder. Bf4 was best. } { [%clk 0:10:08] } (62. Bf4) 62... Bc6 { [%eval -3.87] [%clk 0:23:02] } 63. Ng5+ { [%eval -3.43] [%clk 0:09:19] } 63... Ke7?? { [%eval -0.95] } { Blunder. Bxg5 was best. } { [%clk 0:21:55] } (63... Bxg5 64. hxg5 Bxe4 65. g3 Kf5 66. Bc3 Kg4 67. Be1 Bf5 68. c4 bxc4 69. bxc4 a4 70. Bf2) 64. c3?! { [%eval -2.06] } { Inaccuracy. Be5 was best. } { [%clk 0:08:12] } (64. Be5 Kd7) 64... Bc7 { [%eval -1.81] [%clk 0:20:36] } 65. Bf8+?? { [%eval -5.14] } { Blunder. e5 was best. } { [%clk 0:02:35] } (65. e5 Bd5) 65... Kxf8 { [%eval -5.29] [%clk 0:19:50] } 66. Ne6+ { [%eval -5.25] [%clk 0:03:05] } 66... Ke7 { [%eval -5.21] [%clk 0:20:12] } 67. Nxc7 { [%eval -5.07] [%clk 0:03:17] } 67... Kd6 { [%eval -5.17] [%clk 0:20:31] } 68. Na6 { [%eval -5.18] [%clk 0:03:16] } 68... Bxe4 { [%eval -4.98] [%clk 0:20:43] } 69. g3 { [%eval -5.44] [%clk 0:02:53] } 69... Bb7 { [%eval -5.33] [%clk 0:21:04] } 0-1